| 000 | 00857nam a2200301 i 4500 | ||
|---|---|---|---|
| 001 | 74909 | ||
| 003 | BD-RjUL | ||
| 005 | 20211209082623.0 | ||
| 008 | 770830s1947 n a b 001 0 eng | ||
| 035 | _a(BD-RjUL)75127 | ||
| 040 |
_aDLC _cDLC _dMYG _beng |
||
| 041 | _aeng | ||
| 049 |
_aMYGL _c[M07482] |
||
| 082 |
_a551.7 _bHUH 1947 |
||
| 100 | 1 |
_aHussey, Russell _9226222 |
|
| 245 | 1 | 0 |
_aHistorical geology : the geologic history of North America _cby Russell C. Hussey |
| 250 | _a2d ed. | ||
| 260 |
_aNewYork : _bMcgraw-hill book, _c1947. |
||
| 300 |
_axii,465 p. : _bill. ; _c24 cm. |
||
| 500 | _aIncludes index. | ||
| 650 | 0 |
_aHistorical geology. _9226223 |
|
| 910 | _aM07482gk791215 | ||
| 942 |
_2ddc _cBK |
||
| 999 |
_c74909 _d74909 |
||